=LDR 00000nam 2200000 4500 =001 INLIS000000000023294 =005 20130612121954 =008 ***********************************Ind** =035 ##$$0010-061300000023294 =041 ##$$a Ind =082 ##$$a 340.1 =090 ##$$a 340.1, Mac p =100 ##$$a Machmudin, Dudu Duswara =245 ##$$a Pengantar ilmu hukum, Dudu Duswara Machmudin, SH., M.hum =260 ##$$a 2003 $b Bandung =300 ##$$a 106 hlm, 21 cm =650 ##$$a Hukum filsafat =850 ##$$a NBPNMAT